000 00718nam a2200253Ia 4500
003 GCL
008 140319s9999 xx 000 0 ara d
040 _aGCL /
_cGCL
082 0 4 _a730.9
_bج م
100 1 _aحسين فوزى
245 1 0 _aمحيط الفنون,الفنون التشكيلية /
_cحسين فوزى
260 _a[S.N] :
_bدار المعارف ،
_c1970
300 _a491 ص
490 _a
650 0 4 _aالفن
650 0 4 _aالنحت
650 0 4 _aالفنون التشكيلية
650 0 4 _aالفن الحديث
650 0 4 _aالفن والتاريخ
650 0 4 _aالتصوير
650 0 4 _aتاريخ ونقد
650 0 4 _aالفن الاسلامى
942 _2ddc
_cBK
999 _c36378
_d36378